Innovation policy: France

Spremljeno u:
Bibliografski detalji
Autor kompanije: OECD
Format: Knjiga
Jezik:Undetermined
Izdano: Paris OECD 1986
Teme:
Oznake: Dodaj oznaku
Bez oznaka, Budi prvi tko označuje ovaj zapis!
Thư viện lưu trữ: Trung tâm Học liệu Trường Đại học Cần Thơ
LEADER 00453nam a2200193Ia 4500
001 CTU_86212
008 210402s9999 xx 000 0 und d
082 |a 301.24 
082 |b O.68 
110 |a OECD 
245 0 |a Innovation policy: 
245 0 |b France 
245 0 |c OECD 
260 |a Paris 
260 |b OECD 
260 |c 1986 
650 |a Technology innovations 
904 |i Năm 
980 |a Trung tâm Học liệu Trường Đại học Cần Thơ